| 000 | 00597nam a2200205 u 4500 | ||
|---|---|---|---|
| 005 | 20240831063724.0 | ||
| 008 | 090325s1999 r 000 0 eng d | ||
| 020 | _a8424178904 | ||
| 035 | _aUPN01000170114 | ||
| 049 | _aI | ||
| 050 | 4 |
_aPZ74.9 _bP4.2 |
|
| 100 | 1 | _aPérez-Lucas, María Dolores | |
| 245 | 1 | 0 |
_aColibrí colibrá / _cMaría Dolores Pérez-Lucas ; il. Rocío Martínez. |
| 260 |
_aLeón, Esp. : _bEverest, _c1999. |
||
| 300 |
_a91 p. : _bil. col. |
||
| 440 | 0 | _aMontaña encantada | |
| 650 | 4 |
_aCuentos infantiles españoles _97725 |
|
| 905 | _aInfantil | ||
| 999 |
_c142220 _d142220 |
||